|
|
|
|
| LEADER |
00000nam0a2200000 4500 |
| 001 |
88879 |
| 005 |
20231101213629.0 |
| 035 |
|
|
|a (RuTPU)RU\TPU\book\95365
|
| 035 |
|
|
|a RU\TPU\book\72029
|
| 090 |
|
|
|a 88879
|
| 100 |
|
|
|a 20060110d1972 k y0rusy50 ca
|
| 101 |
0 |
|
|a rus
|
| 102 |
|
|
|a RU
|
| 105 |
|
|
|a a z 001zy
|
| 200 |
1 |
|
|a Методы анализа пестицидов
|e [сборник материалов всесоюзного совещания]
|f Академия наук СССР (АН СССР), Институт геохимии и аналитической химии им. В. И. Вернадского (ГЕОХИ), Научный совет по аналитической химии ; отв. ред. Ю. С. Ляликов
|
| 210 |
|
|
|a Москва
|c Наука
|d 1972
|
| 215 |
|
|
|a 159 с.
|c ил.
|
| 225 |
1 |
|
|a Проблемы аналитической химии
|v Т. 2
|
| 320 |
|
|
|a Библиогр. в конце ст.
|
| 606 |
1 |
|
|a Ядохимикаты (с.х.)
|2 stltpush
|3 (RuTPU)RU\TPU\subj\21785
|9 46724
|
| 610 |
1 |
|
|a анализ
|
| 610 |
1 |
|
|a пестициды
|
| 610 |
1 |
|
|a внешняя среда
|
| 610 |
1 |
|
|a продукты питания
|
| 610 |
1 |
|
|a сточные воды
|
| 610 |
1 |
|
|a природные воды
|
| 610 |
1 |
|
|a методы
|
| 675 |
|
|
|a 632
|v 3
|
| 702 |
|
1 |
|a Ляликов
|b Ю. С.
|4 340
|
| 712 |
0 |
2 |
|a Академия наук СССР (АН СССР)
|b Институт геохимии и аналитической химии им. В. И. Вернадского (ГЕОХИ)
|b Научный совет по аналитической химии
|c (Москва)
|2 stltpush
|3 (RuTPU)RU\TPU\col\11383
|
| 801 |
|
1 |
|a RU
|b 63413507
|c 20040918
|g PSBO
|
| 801 |
|
2 |
|a RU
|b 63413507
|c 20170502
|g PSBO
|
| 942 |
|
|
|c BK
|